00730nab a2200217uuc4500001000800000005001700008008004100025035001200066035002100078040001300099041000800112100003900120245007700159650001600236650001900252650001900271700003700290700003400327700003800361773011300399126555120240304091007.0111123e20080401 spa  a1265551 a(OCoLC)820619586 ccomduadb aspa10aGrajales Alonso, Ignacio4auteaut13aEl autocuidado en mujeres posmenopáusicas con exceso en la nutrición aAutocuidado aPostmenopausia 7aObesidad2lemb10aLanderos Olvera, Erick4auteaut10aTenahua Quitl, Ines4auteaut10aLinares Fleites, Gladys4auteaut0 tEnfermería Universitaria (México)gVol. 05, No. 01, Abr.-Jun. 2008, p. 38-44w1142124x1665-70630506227